[Event "Padova Weekend op-B 8th"]
[Site "Padova"]
[Date "2005.12.10"]
[Round "1.31"]
[White "Rodeghiero, Andrea"]
[Black "Mancin, Michele"]
[Result "1-0"]
[WhiteElo "1494"]
[BlackElo "1862"]
[PlyCount "57"]
[EventDate "2005.12.10"]
[EventType "swiss"]
[EventRounds "6"]
[EventCountry "ITA"]
[SourceTitle "EXT 2024"]
[Source "ChessBase"]
[SourceDate "2023.10.10"]
[SourceVersion "1"]
[SourceVersionDate "2023.10.10"]
[SourceQuality "1"]

1. c4 Nf6 2. Nf3 c6 3. Nc3 d5 4. cxd5 Nxd5 5. g3 Bg4 6. Bg2 Nxc3 7. bxc3 g6 8. Qb3 Qc7 9. Rb1 Bc8 10. d4 Bg7 11. Bf4 Qd7 12. Ne5 Bxe5 13. dxe5 0-0 14. Rd1 Qe6 15. Qa3 Na6 16. h4 Qc4 17. Qxe7 Nc5 18. Bh6 Ne6 19. Bxf8 Nxf8 20. Rd8 Qxc3+ 21. Kd1 Qa1+ 22. Kd2 Qb2+ 23. Ke1 Qc3+ 24. Kd1 Qa1+ 25. Kd2 Qb2+ 26. Ke3 Qb6+ 27. Kf4 Qxf2+ 28. Bf3 g5+ 29. Qxg5+ 1-0

[Event "Padova op-B 7th"]
[Site "Padova"]
[Date "2004.12.12"]
[Round "2"]
[White "Rodeghiero, Andrea"]
[Black "Maniero, Andrea"]
[Result "0-1"]
[WhiteElo "1799"]
[BlackElo "1691"]
[PlyCount "42"]
[EventDate "2004.12.11"]
[EventType "swiss"]
[EventRounds "6"]
[EventCountry "ITA"]
[SourceTitle "EXT 2023"]
[Source "ChessBase"]
[SourceDate "2022.10.05"]
[SourceVersion "1"]
[SourceVersionDate "2022.10.05"]
[SourceQuality "1"]

1. Nf3 c5 2. c4 Nf6 3. Nc3 e6 4. d4 cxd4 5. Nxd4 d5 6. Bg5 dxc4 7. Qa4+ Bd7 8. Qxc4 Be7 9. g3 Nc6 10. Bxf6 Bxf6 11. Ndb5 0-0 12. Bg2 Rc8 13. Nd6 Na5 14. Qd3 Rc7 15. Rd1 Bc6 16. 0-0 Bxg2 17. Kxg2 Rd7 18. Qb5 a6 19. Qa4 b5 20. Qa3 Be7 21. Nxf7 Qa8+ 0-1

[Event "Treviso WE op 28th"]
[Site "Treviso"]
[Date "2004.12.05"]
[Round "3.11"]
[White "Rodeghiero, Andrea"]
[Black "Forato, Enrico"]
[Result "1/2-1/2"]
[WhiteElo "1799"]
[BlackElo "1796"]
[PlyCount "103"]
[EventDate "2004.12.04"]
[EventType "swiss"]
[EventCountry "ITA"]
[SourceTitle "EXT 2024"]
[Source "ChessBase"]
[SourceDate "2023.10.10"]
[SourceVersion "1"]
[SourceVersionDate "2023.10.10"]
[SourceQuality "1"]

1. d4 Nf6 2. Nf3 g6 3. Bf4 Bg7 4. c3 0-0 5. Nbd2 d6 6. e4 Nbd7 7. Bc4 Kh8 8. Ng5 Qe8 9. Qb3 e6 10. 0-0-0 h6 11. h4 Kg8 12. Ngf3 a6 13. e5 Ng4 14. exd6 Nxf2 15. dxc7 Nxh1 16. Rxh1 b5 17. Bd3 Bb7 18. Bd6 Nb6 19. Bxf8 Qxf8 20. h5 g5 21. Bb1 Rc8 22. Qc2 f5 23. Re1 Bd5 24. g4 Rxc7 25. gxf5 exf5 26. Qxf5 Qxf5 27. Bxf5 b4 28. Re8+ Bf8 29. Kc2 bxc3 30. bxc3 Bxa2 31. Ne5 Kg7 32. Kb2 Bd5 33. Bc2 a5 34. Rb8 Rb7 35. Rxb7+ Bxb7 36. c4 Bd6 37. Ng4 Bf4 38. c5 Bxd2 39. cxb6 Bf3 40. Ne5 Bg2 41. Ba4 Bf4 42. Bd7 Bxe5 43. dxe5 Kf7 44. Kc3 Ke7 45. Bg4 a4 46. Kb4 Bc6 47. Bd1 Ke6 48. Kc5 Bb7 49. Bxa4 Kxe5 50. Bc6 Bc8 51. b7 Bxb7 52. Bxb7 1/2-1/2

[Event "Venice Salvioli op"]
[Site "Venice Sanudo"]
[Date "1999.02.28"]
[Round "3.6"]
[White "Paris, Giorgio"]
[Black "Rodeghiero, Andrea"]
[Result "0-1"]
[WhiteElo "1662"]
[BlackElo "1648"]
[PlyCount "97"]
[EventDate "1999.02.28"]
[EventType "swiss"]
[EventRounds "6"]
[EventCountry "ITA"]
[SourceTitle "EXT 2023"]
[Source "ChessBase"]
[SourceDate "2022.10.05"]
[SourceVersion "1"]
[SourceVersionDate "2022.10.05"]
[SourceQuality "1"]

1. e4 c5 2. Nf3 g6 3. d4 Bg7 4. Nc3 cxd4 5. Nxd4 Nc6 6. Be3 d6 7. Be2 Nf6 8. 0-0 0-0 9. Kh1 Bd7 10. f4 e6 11. Bf3 Qc7 12. Qd2 Nxd4 13. Bxd4 Bc6 14. Rad1 Rfd8 15. Qf2 Nd7 16. Bxg7 Kxg7 17. Qd4+ Kg8 18. g4 b5 19. a3 Qb6 20. Qd2 Qb7 21. Kg2 Nc5 22. Qe3 b4 23. axb4 Qxb4 24. b3 a5 25. f5 a4 26. bxa4 Nxa4 27. Rd3 Nxc3 28. Rxc3 Bb5 29. Rf2 Rac8 30. Rb3 Qc5 31. Qh6 Ba4 32. Rb7 Qe5 33. Qh4 Re8 34. Qh6 Rxc2 35. Rxc2 Bxc2 36. Qe3 d5 37. Rb5 Bxe4 38. Bxe4 Qxe4+ 39. Qxe4 dxe4 40. Re5 gxf5 41. gxf5 Kg7 42. Rxe4 Kf6 43. Rf4 Rg8+ 44. Kf3 Rg5 45. Ke4 Rh5 46. Rf2 h6 47. Rf4 Rxh2 48. Kf3 Rh5 49. Kg4 0-1